LEADER 00886nam0-22003251i-450 001 990001648200403321 005 20190617110550.0 010 $a88-206-2271-8 035 $a000164820 035 $aFED01000164820 035 $a(Aleph)000164820FED01 035 $a000164820 100 $a20030910d1984----km-y0itay50------ba 101 0 $aita 200 1 $aFloricoltura da reddito$fTiziano Sante Beltramelli, Arturo Croci. 205 $a2. ed. 210 $aBologna$cEdagricole$d1984 215 $aXII, 285 p.$d21 cm 610 0 $aSerre 610 0 $aFloricoltura 676 $a635.982 700 1$aBeltramelli,$bTiziano Sante$0353702 702 1$aCroci,$bArturo 801 0$aIT$bUNINA$gRICA$2UNIMARC 901 $aBK 912 $a990001648200403321 952 $a60 635.982 BELT 1984$b124$fFAGBC 959 $aFAGBC 996 $aFloricoltura da reddito$9359327 997 $aUNINA LEADER 02165nam 2200577Ia 450 001 9910698064103321 005 20090211092042.0 035 $a(CKB)5470000002394361 035 $a(OCoLC)302407208 035 $a(EXLCZ)995470000002394361 100 $a20090211d1989 ua 0 101 0 $aeng 181 $ctxt$2rdacontent 182 $cc$2rdamedia 183 $acr$2rdacarrier 200 10$aIndium phosphide solar cell research in the United States$b[electronic resource] $ecomparison with nonphotovoltaic sources /$fI. Weinberg, C.K. Swartz, and R.E. Hart, Jr 210 1$a[Washington, D.C.] :$cNational Aeronautics and Space Administration ;$a[Springfield, Va.]:$c[National Technical Information Service, distributor],$d[1989] 215 $a12 pages $cdigital, PDF file 225 1 $aNASA technical memorandum ;$v102103 300 $aTitle from title screen (viewed Feb. 10, 2009) 300 $aPrepared for the European Space Power Conference sponsored by the European Space Agency, Madrid, Spain, October 2-4, 1989. 517 $aIndium phosphide solar cell research in the United States 606 $aSolar cells 606 $aIndium phosphide 606 $aRadiation 606 $aPhosphides 606 $aComputerized simulation$2nasat 606 $aIndium phosphides$2nasat 606 $aPerformance tests$2nasat 606 $aRadiation effects$2nasat 606 $aSolar cells$2nasat 615 0$aSolar cells. 615 0$aIndium phosphide. 615 0$aRadiation. 615 0$aPhosphides. 615 7$aComputerized simulation. 615 7$aIndium phosphides. 615 7$aPerformance tests. 615 7$aRadiation effects. 615 7$aSolar cells. 700 $aWeinberg$b Irving$f1918-$01403923 701 $aSwartz$b Clifford K$050827 701 $aHart$b Russell E$01403924 712 02$aUnited States.$bNational Aeronautics and Space Administration. 712 12$aEuropean Space Power Conference. 801 0$bGPO 801 1$bGPO 906 $aBOOK 912 $a9910698064103321 996 $aIndium phosphide solar cell research in the United States$93477528 997 $aUNINA